00422nam a22001337a 4500020003000000020003400030082001700064100001900081245005100100260004900151300002400200500002000224650004400244 a8188458422 (Acc.No.13006) a9789350144008 (Acc.No. 13265) a621.3822 SHA aSharma, Sanjay aDigital Signal Processing with Matlab Programs aNew Delhi, IndiabS.K. Kataria & Sons.c2012 avii, 734 p.bill. ; aIncludes index. aSignal processing -- Digital techniques